Musadas-e-Hali (Record no. 5013)
[ view plain ]
| 000 -LEADER | |
|---|---|
| fixed length control field | 00377 a2200145 4500 |
| 040 ## - CATALOGING SOURCE | |
| Original cataloging agency | DLC |
| Language of cataloging | DLC |
| 082 ## - DEWEY DECIMAL CLASSIFICATION NUMBER | |
| Classification number | 891.4391 |
| 100 ## - MAIN ENTRY--PERSONAL NAME | |
| Personal name | Hali , Altaf Hussain |
| 245 ## - TITLE STATEMENT | |
| Title | Musadas-e-Hali |
| Statement of responsibility, etc. | Altaf Hussain , Hali |
| 260 ## - PUBLICATION, DISTRIBUTION, ETC. | |
| Place of publication, distribution, etc. | Lahore: |
| Name of publisher, distributor, etc. | Alfaisal, |
| Date of publication, distribution, etc. | 2004. |
| 300 ## - PHYSICAL DESCRIPTION | |
| Extent | 160 p. ; |
| Dimensions | 24 cm. |
| 500 ## - GENERAL NOTE | |
| General note | Includes Index |
| 650 ## - SUBJECT ADDED ENTRY--TOPICAL TERM | |
| Topical term or geographic name entry element | Urdu Literature--Poetry. |
| 942 ## - ADDED ENTRY ELEMENTS (KOHA) | |
| Koha item type | Book |
| Call number prefix | 891.4391 HAL |
| Source of classification or shelving scheme | |
| Withdrawn status | Lost status | Damaged status | Not for loan | Collection code | Permanent Location | Current Location | Shelving location | Date acquired | Source of acquisition | Cost, normal purchase price | Total Checkouts | Full call number | Barcode | Date last seen | Date last checked out | Price effective from | Koha item type | Total Renewals | Source of classification or shelving scheme |
|---|---|---|---|---|---|---|---|---|---|---|---|---|---|---|---|---|---|---|---|
| Central Library (CL) | Central Library (CL) | General Stacks | 04/16/2007 | Saeed Book Bank | 85.00 | 3 | 891.4391 HAL | SEECS008388 | 12/28/2023 | 11/12/2022 | 01/05/2017 | Book | |||||||
| Central Library (CL) | Central Library (CL) | General Stacks | 08/20/2005 | Academic Book company | 85.00 | 4 | 891.4391 HAL | SEECS006339 | 06/01/2024 | 03/15/2024 | 01/05/2017 | Book | 4 | ||||||
| Central Library (CL) | Central Library (CL) | 07/10/2025 | 891.4391 HAL | CL-D-2782 | 07/10/2025 | 07/10/2025 | Book |
